000 00665nam a2200181Ia 4500
008 100921s9999 xx 000 0 und d
082 _b43912
_a891.463 न 10
100 _aजोगळेकर मिलिंद.
245 _aगोष्टी स्टगलर्सच्या.
260 _bनुतन प्रकाशन, पुणे.
_c2010
300 _a60
_b---
365 _b75
520 _aललित-कादंबरी.
630 _aगोष्टी स्टगलर्सच्या.
650 _aललित-कादंबरी.
730 _aगोष्टी स्टगलर्सच्या.
942 _cBOOK
999 _c793025
_d793022